| 000 | 01224nam a2200301 4500 | ||
|---|---|---|---|
| 003 | EC-UNACH | ||
| 005 | 20251218150617.0 | ||
| 006 | s||||gr|||| 00| 00 | ||
| 008 | 150116t9999 mx r gr 000 0 spa d | ||
| 020 | _a978-9942-07199-6 | ||
| 040 |
_aEC-UNACH _cEC-UNACH |
||
| 041 | _aspa | ||
| 082 | 0 | 4 |
_223 _a342 _bL018527 |
| 110 | _aCorte Constitucional del Ecuador | ||
| 245 | _aTeoría crítica constitucional: rescatando la democracia del liberalismo | ||
| 250 | _aTercera edición | ||
| 264 |
_aEcuador _bCorte Constitucional del Ecuador _c2011 |
||
| 300 | _a128 | ||
| 505 | _aPrimera parte -La democracia en tu cara Segunda parte- En nombre del pueblo (Destruyendo a Marbury y Madison) Capitulo 1- La convención de Philadelphia el lugar del pueblo y de las cortes Capitulo 2- El eclipse de la democracia Capitulo 3- En nombre del Estado Marbury vs. Madison ¿Quién es el verdadero? Tercera parte – El padre sádico | ||
| 650 | _aLOS LIBERALES | ||
| 650 | _aSOBERANIA Y DEMOCRACIA | ||
| 650 | _aLA EXCLUSIÓN LIBERAL | ||
| 700 | _aRicardo Sanín Restrepo | ||
| 942 |
_2ddc _c1 |
||
| 999 | _c14323 | ||